Catálogo público

Pesticide index / (Record no. 198900)

MARC details
000 -CABECERA
campo de control de longitud fija 00804nam a2200289Ia 4500
001 - NÚMERO DE CONTROL
campo de control Para_1535
003 - IDENTIFICADOR DEL NÚMERO DE CONTROL
campo de control CHAP
008 - DATOS DE LONGITUD FIJA--INFORMACIÓN GENERAL
campo de control de longitud fija 220125s1988 xx 000 0 und d
010 ## - NÚMERO DE CONTROL DE LA BIBLIOTECA DEL CONGRESO
Número de control de LC 198900
040 ## - FUENTE DE LA CATALOGACIÓN
Centro/agencia transcriptor CHAP
082 ## - NÚMERO DE LA CLASIFICACIÓN DECIMAL DEWEY
Número de clasificación PA 632.95 K53
100 ## - ENTRADA PRINCIPAL--NOMBRE DE PERSONA
Nombre de persona Kidd, Hamish
9 (RLIN) 63166
245 ## - MENCIÓN DE TÍTULO
Título Pesticide index /
Mención de responsabilidad, etc. by Hamish Kidd and Douglas Hartley
260 ## - PUBLICACIÓN, DISTRIBUCIÓN, ETC.
Lugar de publicación, distribución, etc. Nottingham :
Nombre del editor, distribuidor, etc. Royal Society of Chemistry
300 ## - DESCRIPCIÓN FÍSICA
Extensión 258 p.
650 ## - PUNTO DE ACCESO ADICIONAL DE MATERIA--TÉRMINO DE MATERIA
Término de materia o nombre geográfico como elemento de entrada Pesticidas
9 (RLIN) 87536
650 ## - PUNTO DE ACCESO ADICIONAL DE MATERIA--TÉRMINO DE MATERIA
Término de materia o nombre geográfico como elemento de entrada Pesticidas
Subdivisión general aplicación
9 (RLIN) 87539
650 ## - PUNTO DE ACCESO ADICIONAL DE MATERIA--TÉRMINO DE MATERIA
Término de materia o nombre geográfico como elemento de entrada Plantas
Subdivisión general crecimiento
-- aditivos
9 (RLIN) 88804
700 ## - PUNTO DE ACCESO ADICIONAL--NOMBRE DE PERSONA
Nombre de persona Hartley, Douglas
9 (RLIN) 164199
901 ## - ELEMENTOS DE DATOS A LOCAL LDA (RLIN)
a PA 632.95 K53
902 ## - ELEMENTOS DE DATOS B LOCAL, LDB (RLIN)
a A
905 ## - ELEMENTOS DE DATOS E LOCAL, LDE (RLIN)
a 0000001988 0000000000 00
910 ## - DATOS DE OPCIÓN DEL USUARIO (OCLC)
Datos de opción del usuario 1988
942 ## - ELEMENTOS DE PUNTO DE ACCESO ADICIONAL (KOHA)
Tipo de ítem Koha Parasitologia_
942 ## - ELEMENTOS DE PUNTO DE ACCESO ADICIONAL (KOHA)
Tipo de ítem Koha Parasitologia_
-- 1
Holdings
Estado de retiro Estado de pérdida Fuente del sistema de clasificación o colocación Estado dañado Restricciones de uso No para préstamo Código de colección Localización permanente Ubicación/localización actual Fecha de adquisición Número de inventario Total de préstamos Signatura topográfica completa Código de barras Fecha visto por última vez Número de copia Precio válido a partir de Tipo de ítem Koha Nota pública
    Dewey Decimal Classification   Préstamo interno2   General Parasitologia Agricola Parasitologia Agricola 27/10/2005 (PA_7245) (No. UACh 166207)   PA 632.95 K53 4102002805 25/01/2022 Ej.1 25/01/2022 Libro 3